Svět jakosti
Na minha lista:
| Formato: | Periódico |
|---|---|
| Idioma: | tcheco |
| Publicado em: |
České Budějovice
Bartoň QSV
1997
|
| Assuntos: | |
| Tags: |
Sem tags, seja o primeiro a adicionar uma tag!
|
MARC
| LEADER | 00000nas2a2200000 4500 | ||
|---|---|---|---|
| 001 | s121404 | ||
| 005 | 20221221071731.6 | ||
| 022 | |a 1211-2011 | ||
| 041 | 0 | |a cze | |
| 044 | |a CZ | ||
| 245 | 1 | 0 | |a Svět jakosti |
| 264 | 1 | |a České Budějovice |b Bartoň QSV |c 1997 | |
| 300 | |a 1 zv. | ||
| 500 | |a v č. 1 chýba str. 15-18 | ||
| 773 | 0 | |w eu_un_cat*s120029 | |
| 610 | 2 | 0 | |a kvalita |
| 610 | 2 | 0 | |a riadenie kvality |